| 000 | 00633nam a2200181 a 4500 | ||
|---|---|---|---|
| 001 | 000044945 | ||
| 005 | 20240301073829.0 | ||
| 008 | 150122s2004 dr ac 000 0 spa d | ||
| 040 |
_aDO-SdBNP _bspa _cBNPHU |
||
| 082 |
_axxxx _bxxxx |
||
| 100 | 1 |
_aRaful, Tony, _d1951- _91377 |
|
| 245 | 1 | 0 |
_aPolítica cultural del estado / _cTony Raful; prólogo Mateo Morrison. |
| 260 |
_aSanto Domingo : _bSecretaria de Estado de Cultura, _c[s.f.]. |
||
| 300 |
_a199 p. : _bil., retrs. ; _c26 cm. |
||
| 500 | _aIncluye datos biográficos del autor en las solapas | ||
| 700 | 1 |
_aMorrison, Mateo, _d1947- _epról. _91469 |
|
| 700 | 1 | 2 |
_aPeña, Alexis, _95700 |
| 999 |
_c44434 _d44434 |
||